00965nam a22002657a 450000500170000001000110001702000100002803500110003803700160004904000120006508200160007710000310009324500960012425000120022026000600023227000460029230000290033850000190036765000190038665000350040570000270044094200250046799900190049295201880051120170124110025.0 a807537 c29.00 a807537 bCen Lib/Ret aDPLbEN a581.16bHAR aHartmann, Hudson T.920593 aPlant propogation :cby Hudson T. Hartmann [and] Dale E. Kesterbprinciples and practices / a3rd ed. bPrentice-Hall of India Private LimitedaNew Delhic1976 aM-97, Connaught CircusbNew Delhie110001 ax, 662p. :c22(Hb)bill. aIncludes index aPlants.920594 aAspects of propogation.920595 aKester, Dale E.920596 2ddccENh581.16mHAR c127472d127472 04104070aLbLd2015-06-29eCen Lib/Retg29.00l0o581.16 HARp807537r2015-06-29 00:00:00t1v29.00w2015-06-29yENzWritten off on approval by DLB (By Circulation); dtd 15-06-2023